[Event "Tres Cantos op 5th"]
[Site "Tres Cantos"]
[Date "2013.06.21"]
[Round "1"]
[White "Bento Iglesias, Pablo"]
[Black "Rivera Leon, Mauro Arturo"]
[Result "0-1"]
[WhiteElo "1573"]
[BlackElo "2081"]
[PlyCount "52"]
[EventDate "2013.06.21"]
[EventType "swiss"]
[EventRounds "9"]
[EventCountry "ESP"]
[SourceTitle "EXT 2014"]
[Source "ChessBase"]
[SourceDate "2013.11.20"]
[SourceVersion "1"]
[SourceVersionDate "2013.11.20"]
[SourceQuality "1"]

1. a3 Nf6 2. Nf3 g6 3. c4 Bg7 4. g3 0-0 5. Bg2 c5 6. 0-0 Nc6 7. e3 d5 8. cxd5 Nxd5 9. Nc3 Nc7 10. Qe2 Bf5 11. e4 Bg4 12. Qe3 Nd4 13. Rb1 Qd7 14. Ne2 Nce6 15. b4 Bh6 16. Qxh6 Nxe2+ 17. Kh1 Qd3 18. Ne5 Qxb1 19. Nxg4 Nxc1 20. d4 Nxd4 21. Rxc1 Qb2 22. Bh3 Qe2 23. e5 Rac8 24. Ra1 e6 25. Qh4 h5 26. Nh6+ Kg7 0-1

[Event "Madrid-chT 1213 Honor"]
[Site "Madrid"]
[Date "2013.03.10"]
[Round "13.36"]
[White "Rivera Leon, Mauro Arturo"]
[Black "Collado Barbas, Laura"]
[Result "0-1"]
[WhiteElo "2082"]
[BlackElo "2151"]
[PlyCount "68"]
[EventDate "2012.11.18"]
[EventType "team"]
[EventRounds "14"]
[EventCountry "ESP"]
[SourceTitle "EXT 2014"]
[Source "ChessBase"]
[SourceDate "2013.11.20"]
[SourceVersion "1"]
[SourceVersionDate "2013.11.20"]
[SourceQuality "1"]
[WhiteTeam "Blanco y Negro"]
[BlackTeam "Casa del Ajedrez"]
[WhiteTeamCountry "ESP"]
[BlackTeamCountry "ESP"]

1. e4 e6 2. d4 d5 3. Nc3 Nc6 4. Nf3 Nf6 5. e5 Ne4 6. Ne2 f6 7. g3 fxe5 8. dxe5 Bc5 9. Nfd4 Nxe5 10. Bg2 0-0 11. f3 Qf6 12. 0-0 Nd6 13. Kh1 Ng6 14. f4 c6 15. Nb3 Bb6 16. Bd2 Nc4 17. Bc3 Qe7 18. Qd3 Ne3 19. Rf3 Ng4 20. Be1 e5 21. fxe5 Rxf3 22. Qxf3 N6xe5 23. Qc3 Bd7 24. a4 a6 25. a5 Ba7 26. Ra4 Nc4 27. Nf4 Re8 28. Ra1 Nce3 29. Qd2 Nxg2 30. Nxg2 Qe4 31. Qd3 Qe5 32. Qc3 Qh5 33. h4 Qf5 34. Qd3 Rxe1+ 0-1

[Event "Madrid-chT 1213 Honor"]
[Site "Madrid"]
[Date "2013.01.20"]
[Round "6.36"]
[White "Collado Barbas, Laura"]
[Black "Rivera Leon, Mauro Arturo"]
[Result "0-1"]
[WhiteElo "2151"]
[BlackElo "2082"]
[PlyCount "96"]
[EventDate "2012.11.18"]
[EventType "team"]
[EventRounds "14"]
[EventCountry "ESP"]
[SourceTitle "EXT 2014"]
[Source "ChessBase"]
[SourceDate "2013.11.20"]
[SourceVersion "1"]
[SourceVersionDate "2013.11.20"]
[SourceQuality "1"]
[WhiteTeam "Casa del Ajedrez"]
[BlackTeam "Blanco y Negro"]
[WhiteTeamCountry "ESP"]
[BlackTeamCountry "ESP"]

1. d4 Nf6 2. c4 c5 3. d5 b5 4. cxb5 a6 5. bxa6 g6 6. Nc3 Bxa6 7. Nf3 d6 8. g3 Bg7 9. Bg2 Nbd7 10. Rb1 Qa5 11. Bd2 0-0 12. 0-0 Rfb8 13. a4 Ng4 14. Qc2 Nge5 15. Nxe5 Nxe5 16. b3 Rb7 17. Ne4 Qd8 18. Rfe1 Rab8 19. Bc3 Qb6 20. Rb2 Nd7 21. Reb1 Bxc3 22. Nxc3 Ne5 23. Ra2 Qa5 24. Bf1 c4 25. Rab2 cxb3 26. Rxb3 Rxb3 27. Rxb3 Rc8 28. Qb2 Nc4 29. Qa1 Nd2 30. Ra3 Qb4 31. Nb5 Nb3 32. Qb2 Rc1 33. Rxb3 Qe1 34. Kg2 Qxf1+ 35. Kf3 Qh1+ 36. Ke3 Qxd5 37. Nc3 Qe5+ 38. Kd2 Rf1 39. Rb8+ Kg7 40. Qb6 Bc4 41. f4 Qf6 42. a5 d5 43. Qc5 Ra1 44. Nxd5 Ra2+ 45. Ke3 Rxe2+ 46. Kf3 Qa1 47. Ne3 Qh1+ 48. Kg4 h5+ 0-1

[Event "Madrid San Viator op 19th"]
[Site "Madrid"]
[Date "2012.10.07"]
[Round "3"]
[White "Rivera Leon, Mauro Arturo"]
[Black "Jimenez Elices, Jose Maria"]
[Result "1-0"]
[WhiteElo "2105"]
[BlackElo "1905"]
[PlyCount "55"]
[EventDate "2012.09.23"]
[EventType "swiss"]
[EventRounds "9"]
[EventCountry "ESP"]
[SourceTitle "EXT 2013"]
[Source "ChessBase"]
[SourceDate "2012.11.22"]
[SourceVersion "1"]
[SourceVersionDate "2012.11.22"]
[SourceQuality "1"]

1. e4 e6 2. d4 d5 3. Nc3 dxe4 4. Nxe4 Nd7 5. Nf3 Ngf6 6. Bd3 Nxe4 7. Bxe4 Nf6 8. Bg5 Qd6 9. Bxf6 gxf6 10. c3 Bg7 11. Qe2 0-0 12. 0-0-0 f5 13. Bc2 b5 14. Qxb5 Bd7 15. Qc5 Qf4+ 16. Kb1 Rfb8 17. Ne5 Be8 18. Nd3 Qg5 19. Qxc7 a5 20. Qg3 Qe7 21. Ka1 Kh8 22. Qh3 a4 23. a3 Rb3 24. Nb4 Rb8 25. g4 R3xb4 26. axb4 h6 27. gxf5 Bb5 28. f6 1-0

[Event "Madrid San Viator op 19th"]
[Site "Madrid"]
[Date "2012.09.30"]
[Round "2"]
[White "Sierra Soria, Maria"]
[Black "Rivera Leon, Mauro Arturo"]
[Result "0-1"]
[WhiteElo "1795"]
[BlackElo "2105"]
[PlyCount "132"]
[EventDate "2012.09.23"]
[EventType "swiss"]
[EventRounds "9"]
[EventCountry "ESP"]
[SourceTitle "EXT 2013"]
[Source "ChessBase"]
[SourceDate "2012.11.22"]
[SourceVersion "1"]
[SourceVersionDate "2012.11.22"]
[SourceQuality "1"]

1. e4 e5 2. Nf3 Nc6 3. Bb5 a6 4. Ba4 Nf6 5. 0-0 Be7 6. Re1 b5 7. Bb3 d6 8. c3 0-0 9. h3 Bb7 10. d4 Re8 11. Ng5 Rf8 12. Nf3 Re8 13. Ng5 Rf8 14. Nf3 Nd7 15. Nbd2 Bf6 16. Nf1 Nb6 17. Ng3 h6 18. d5 Ne7 19. Nh5 Ng6 20. Nxf6+ Qxf6 21. Nh2 Bc8 22. Re3 Bd7 23. Rf3 Qh4 24. Qd3 f5 25. Bc2 f4 26. Qe2 Rae8 27. Rd3 Kh7 28. Bd1 Nh8 29. Qh5 Qxh5 30. Bxh5 g6 31. Bg4 a5 32. Be2 Nf7 33. Nf3 Nd8 34. Nd2 Nb7 35. b4 Ra8 36. Bb2 Kg7 37. a3 Kf6 38. Rc1 Ke7 39. bxa5 Nxa5 40. Rb1 Nac4 41. Nxc4 Nxc4 42. Rdd1 Ra4 43. Bxc4 Rxc4 44. f3 g5 45. Rd3 h5 46. Kf2 Rh8 47. Rh1 Ra4 48. Rdd1 Raa8 49. h4 g4 50. Rc1 Ra4 51. Rc2 Rg8 52. Rg1 g3+ 53. Ke2 Rga8 54. Rb1 Kd8 55. Bc1 Rc4 56. Kd2 Kc8 57. Rb3 Kb7 58. Rcb2 Kb6 59. Rb1 Kc5 60. Kd3 Rd8 61. Rb4 Rxb4 62. Rxb4 Ra8 63. Bb2 Ra4 64. Kc2 Rxb4 65. cxb4+ Kc4 66. Bc3 Bh3 0-1